000 00414nam a2200157Ia 4500
008 210210b1985 xxu||||| |||| 00| 0 eng d
020 _a033391 611 5
082 _a610.92 DODS
100 _aDODD (E F).
245 _aStory of Sir Ronald Ross: and his fight against Malaria.
260 _aMadras
_bMacmillan India Ltd.
_c1985
300 _a76
650 _aRonald Ross
690 _aBiography
906 _a039889
999 _c90006
_d90006